| 000 | 00576nam a2200181 4500 | ||
|---|---|---|---|
| 999 |
_c10935 _d10935 |
||
| 008 | 180927b ||||| |||| 00| 0 eng d | ||
| 020 | _a978-1-68094-670-3 | ||
| 082 |
_22018 _aDC 642.822 _bSk37 |
||
| 245 | _aSkirting, table setting, and napkin folding / | ||
| 260 |
_aUSA : _b3G ELearning LLC, _c©2018. |
||
| 300 |
_ax, 279 pages : _bcolor illustrations ; _c24 cm |
||
| 500 | _aIncludes references and index. | ||
| 650 |
_aTable setting and decoration _94457 |
||
| 650 |
_aSkirting _931772 |
||
| 650 |
_aNapkin folding _94456 |
||
| 365 |
_b4,995.00 _cPhp |
||
| 942 |
_2ddc _cDC |
||